Statystyki dla 100 najbardziej zaludnionych państw na świecie

Kliknij tutaj aby rozwiązać quiz!

Ogólne statystyki

  • Ten quiz został rozwiązany 66 razy
  • Średni wynik to 79 z 100

Statystyki odpowiedzi

MiejscePopulacjaPaństwo% Poprawnych
11 401 492 920Chiny
100%
21 359 072 550Indie
98%
1983 149 300Niemcy
98%
3738 386 000Polska
98%
2266 435 600Uk
98%
3639 127 900Irak
96%
1783 230 120Iran
96%
11126 010 000Japonia
96%
10126 577 691Meksyk
96%
9146 780 720Rosja
96%
3441 902 416Ukraina
96%
3329 345 637Usa
96%
3144 938 712Argentyna
94%
6211 173 432Brazylia
94%
2067 064 000Francja
94%
3047 100 396Hiszpania
94%
4266 911 900Indonezja
94%
3837 935 814Kanada
94%
2751 780 579Korea Południowa
94%
5218 741 520Pakistan
94%
5425 627 280Australia
91%
13100 052 943Egipt
91%
6318 651 680Kazachstan
91%
5525 450 000Korea Północna
91%
3935 821 024Maroko
91%
2458 775 022Rpa
91%
1883 154 997Turcja
91%
2360 247 214Włochy
91%
6219 107 216Chile
89%
8510 724 599Grecja
89%
5722 314 743Niger
89%
7200 963 599Nigeria
89%
4532 131 400Peru
89%
8910 327 589Szwecja
89%
4134 034 952Uzbekistan
89%
4034 218 169Arabia Saudyjska
87%
8168 163 758Bangladesz
87%
2947 564 296Kenia
87%
2849 395 678Kolumbia
87%
949 413 446Białoruś
85%
1498 665 000Etiopia
85%
12108 323 702Filipiny
85%
9010 276 617Portugalia
85%
1596 208 984Wietnam
85%
6119 405 156Rumunia
83%
3342 295 645Sudan
83%
6817 070 135Syria
83%
2166 474 267Tajlandia
83%
4332 225 560Afganistan
81%
8111 522 169Belgia
81%
4929 161 922Jemen
81%
2555 890 747Tanzania
81%
4432 219 521Wenezuela
81%
8211 469 896Boliwia
79%
8710 622 608Jordania
79%
4232 700 760Malezja
79%
7215 442 905Somalia
79%
998 902 600Austria
77%
7115 692 969Czad
77%
6617 431 712Ekwador
77%
8311 209 628Kuba
77%
7016 209 125Senegal
77%
7911 722 038Tunezja
77%
4631 127 674Angola
74%
8610 681 161Czechy
74%
959 164 160Izrael
74%
5325 680 342Madagaskar
74%
4829 609 623Nepal
74%
7512 778 250Sudan Południowy
74%
2654 339 766Birma
72%
7712 218 357Gwinea
72%
7315 288 489Kambodża
72%
6019 973 000Mali
72%
1008 586 550Szwajcaria
72%
979 127 000Tadżykistan
72%
929 772 756Węgry
72%
6717 381 168Zambia
72%
7415 159 624Zimbabwe
72%
4730 280 811Ghana
68%
1686 790 567Drk
66%
3540 299 300Uganda
66%
5125 876 000Kamerun
64%
5028 571 310Mozambik
64%
5623 604 265Tajwan
64%
9110 067 108Azerbejdżan
60%
5821 803 000Sri Lanka
60%
5225 823 071Wks
60%
939 770 529Zea
60%
5920 870 060Burkina Faso
57%
6916 604 026Gwatemala
57%
8011 577 779Haiti
57%
969 158 345Honduras
57%
7612 374 397Rwanda
57%
7811 733 059Benin
55%
8810 358 320Dominikana
55%
6417 563 749Malawi
51%
988 935 000Papua Nowa Gwinea
49%
8410 953 317Burundi
47%
3243 000 000Algeria
45%
6517 438 081Netherland
6%

Rozkład punktacji

Percentyl według liczby udzielonych odpowiedzi

Procent ludzi z każdym wynikiem

Twoja historia wyników

Nie rozwiązałeś tego quizu